000 00297nam a2200145Ia 4500
100 _aJhaveri/ Nainesh
942 _cBK
654 _abusiness
245 _aBusiness data Processing
260 _bStudents book depot
082 _a4
_bJHA
300 _a274
546 _aENGLISH
999 _c19148
_d19148